MARC

LEADER 00000nam0a2200000 4500
001 324512
005 20231102003656.0
035 |a (RuTPU)RU\TPU\book\350110 
090 |a 324512 
100 |a 20161117d1949 km y0rusy50 ca 
101 0 |a rus 
102 |a RU 
105 |a a z 001zy 
200 1 |a Трубчатые сверхцентрифуги  |f В. И. Соколов 
210 |a Москва  |a Ленинград  |c Госхимиздат  |d 1949 
215 |a 146 с.  |c ил. 
320 |9 572  |a Библиогр.: с. 146 
606 1 |a Центрифуги  |2 stltpush  |3 (RuTPU)RU\TPU\subj\31643  |9 54446 
610 1 |a техническое применение 
610 1 |a гидравлика 
610 1 |a режимы работы 
610 1 |a технологические расчеты 
610 1 |a дисперсионный анализ 
610 1 |a фракционирование 
610 1 |a мощность 
675 |a 66.067.5  |v 4 
700 1 |a Соколов  |b В. И. 
801 1 |a RU  |b 63413507  |c 20161117 
801 2 |a RU  |b 63413507  |c 20200318  |g RCR 
942 |c BK